• 首页
  • 本馆介绍
  • 公告通知
  • 最新文献
  • 馆藏检索
  • 电子资源
  • 读者导购
  • 参考咨询
  • 我的图书馆
  • 登录
  • 详细信息显示
  • 放入我的书架
  • 预约/预借图书
  • 作者相关作品
  • 分类相关作品
  • 丛书相关作品
  • 出版社相关作品

书目信息

  • 表格格式
  • 工作单格式
  • 卡片格式
题名:
媒介文化中的罪与法
    
 
作者: 布朗 著
分册:  
出版信息: 北京   北京大学出版社  2007
页数: 224页
开本: 23cm
丛书名: 媒介与文化书系
单 册:
中图分类: D917 , G206.2
科图分类:
主题词: 传播媒介--作用--犯罪--研究--英文
电子资源:
ISBN: 978-7-301-11489-6
000 01070oam2 2200277 450
001 1575608764
005 20150126210020.85
010    @a978-7-301-11489-6@dCNY27.00
100    @a20070703d2007 em y0chiy50 ea
101 0  @aeng@gchi
102    @aCN@b110000
105    @ay z 000yy
200 1  @a媒介文化中的罪与法@9mei jie wen hua zhong de zui yu fa@dCrime and law in media culture@e[英文本]@f(英)谢拉·布朗(Sheila Brown)著@zeng
210    @a北京@c北京大学出版社@d2007
215    @a224页@d23cm
225 2  @a媒介与文化书系
306    @a北京大学出版社和美国麦格劳-希尔教育出版(亚洲)公司合作出版
330    @a本书在当代媒介形态的广阔视域中探讨了罪与法的定位,作者根据不同的主题提供了丰富的案例并对本领域进行了透彻的理论梳理,同时对文化理论进行了深入浅出的评论。
461  0 @12001 @a媒介与文化书系
510 1  @aCrime and law in media culture@zeng
606 0  @a传播媒介@x作用@x犯罪@x研究@j英文
690    @aD917@v5
690    @aG206.2@v5
701  0 @c(英)@a布朗@9bu lang@c(女,Brown, Sheila)@4著
801  0 @aCN@bTSSF@c20150126
905    @aZUCC@dD917@eJY3
    
    媒介文化中的罪与法=Crime and law in media culture:[英文本]/(英)谢拉·布朗(Sheila Brown)著.-北京:北京大学出版社,2007
    224页;23cm.-(媒介与文化书系)
    
    
    ISBN 978-7-301-11489-6:CNY27.00
    本书在当代媒介形态的广阔视域中探讨了罪与法的定位,作者根据不同的主题提供了丰富的案例并对本领域进行了透彻的理论梳理,同时对文化理论进行了深入浅出的评论。
●
相关链接 在E读中查询图书 在五车中查询图书 在当当中查询图书 在豆瓣中查询图书


正题名:媒介文化中的罪与法     索取号:D917/JY3         预约/预借

序号 登录号 条形码 馆藏地/架位号 状态 备注
1 7857371   278573713   学院路分馆/ [索取号:D917/JY3] 在馆    
2 7860558   278605582   学院路分馆/ [索取号:D917/JY3] 在馆    
唐山师范学院图书馆 欢迎您!
大连网信软件有限公司© 版权所有